000 00730nam a2200289Ia 4500
005 20260324120250.0
008 008 260324s9999 xx 000 0 eng d
020 _a9781315723549
037 _aEBOOK
040 _aCRL
040 _beng
040 _cCRL
041 _2eng
041 _aeng
084 _qCRL
100 _aKhalil Hamdani; Lorraine Ruffing
_91157879
245 0 _aUnited Nations Centre on Transnational Corporations
245 0 _bCorporate Conduct and the Public Interest
260 _bTaylor and Francis
260 _c2015
365 _a
365 _b265
856 _uhttp://www.taylorfrancis.com/books/9781315723549
942 _cEBOOK
999 _c1749327
_d1749327